Acción de los agentes químicos y físicos sobre el concreto /
שמור ב:
| מחבר ראשי: | |
|---|---|
| מחברים אחרים: | , |
| פורמט: | ספר |
| שפה: | ספרדית |
| יצא לאור: |
México :
Instituto Mexicano del Cemento y del Concreto,
2001, c2001
|
| נושאים: | |
| תגים: |
אין תגיות, היה/י הראשונ/ה לתייג את הרשומה!
|
MARC
| LEADER | 00000nam^a2200000^a^4500 | ||
|---|---|---|---|
| 001 | 000165891 | ||
| 005 | 20250521000000.0 | ||
| 009 | 20260310101032.366 | ||
| 020 | |a 968-464-097-8 | ||
| 037 | |a Acervo ITESO - Biblioteca | ||
| 041 | |a ESP | ||
| 082 | |a 624. 1834 |b SAN | ||
| 100 | |a Sanjuán Barbudo, Miguel Angel |e (autor) | ||
| 245 | 1 | 0 | |a Acción de los agentes químicos y físicos sobre el concreto / |c M.A. Sanjuán Barbudo, P. Castro Borges ; pref. de M. Fernández Cánovas. |
| 264 | 4 | |a México : |b Instituto Mexicano del Cemento y del Concreto, |c 2001, c2001 | |
| 300 | |a XI, 46 p. | ||
| 336 | |a texto |b txt |2 rdacontenido | ||
| 337 | |a sin mediación |b n |2 rdamedio | ||
| 338 | |a volumen |b nc |2 rdasoporte | ||
| 649 | |a XX | ||
| 650 | |a Concreto | ||
| 650 | |a Corrosión y Anticorrosivos | ||
| 650 | |a Resistencia de Materiales | ||
| 650 | |a Materiales de Construcción | ||
| 650 | |a Ingeniería Química | ||
| 650 | |a Ingeniería Civil | ||
| 700 | |a Castro Borges, Pedro |e (autor) | ||
| 700 | |a Fernández Cánovas, Manuel |e (prefacio) | ||
| 910 | |a Fondo General | ||
| 920 | |a Impresos - Libros | ||
| 930 | |a Colección General | ||
| 905 | |a 101 | ||
| 901 | |a 0500101069 |b IT1 |c ACC |u 20250521 | ||
| 901 | |a 0500101068 |b IT1 |c ACC |u 20250521 | ||
| 902 | |a https://opac.biblio.iteso.mx/vufind/Record/000165891 | ||